Trilobiten aus dem Unter-Karbon Des Katalonischen Kϋstengebirges (Registro nro. 17525)
[ vista simple ]
| 000 -CABECERA | |
|---|---|
| Campo de control | 01208nam a22002777a 4500 |
| 005 - FECHA Y HORA DE LA ULTIMA TRANSACCION | |
| Campo de control | 20150706172554.0 |
| 008 - ELEMENTOS DE LONGITUD FIJA—INFORMACION GENERAL | |
| Campo de control | 150706c2015 gw ||||| |||| 00| 0 ger d |
| 040 ## - FUENTE DE CATALOGACIÓN | |
| Agencia catalogadora original | CO-BoIAVH |
| Agencia transcriptora | CO-BoIAVH |
| 041 ## - IDIOMA | |
| Código de idioma para texto/pista de sonido o título separado | Alemán |
| 044 ## - PAÍS DE PUBLICACIÓN | |
| País de publicación | Alemania |
| 090 ## - CLASIFICACIÓN LOCAL | |
| Colección | AR |
| 100 1# - ASIENTO PRINCIPAL--NOMBRE PERSONAL | |
| Nombre personal | Gandl, Josef |
| 245 1# - MENCION DE TITULO | |
| Título | Trilobiten aus dem Unter-Karbon Des Katalonischen Kϋstengebirges |
| Parte restante del título | (Ne-Spanien) |
| 260 1# - PUBLICACION, DISTRIBUCION, ETC. (PIE DE IMPRENTA) | |
| Lugar de publicación, distribución, etc. | Alemania: |
| Nombre del editor, distribuidor, etc. | Mossbrugger, Volker, |
| Fecha de publicación, distribución, etc. | 2015. |
| 300 ## - DESCRIPCION FISICA | |
| Extensión | Pp. 1-82 |
| 520 ## - NOTA DE RESUMEN, ETC. | |
| Nota de resumen | El presente trabajo se describen los trilobites de cuatro localidades distintas del Carbonífero inferior de las Cadenas Costeras Catalanas. Dos de ellas, Aiguafreda y Cánoves, están situadas al norte de Barcelona y en los flancos occidental y meridional de macizo del Montseny (Cadena Prelitoral). |
| 650 #4 - ASIENTO SECUNDARIO DE MATERIA - TERMINO TEMATICO | |
| Término temático o nombre geográfico como elemento de entrada | Cadenas Costeras |
| Subdivisión geográfica | Cataluña |
| 650 #4 - ASIENTO SECUNDARIO DE MATERIA - TERMINO TEMATICO | |
| Término temático o nombre geográfico como elemento de entrada | Trilobites |
| 650 #4 - ASIENTO SECUNDARIO DE MATERIA - TERMINO TEMATICO | |
| Término temático o nombre geográfico como elemento de entrada | Bioestratigrafía |
| 650 #4 - ASIENTO SECUNDARIO DE MATERIA - TERMINO TEMATICO | |
| Término temático o nombre geográfico como elemento de entrada | Cyrtosymbolainae |
| 700 1# - ASIENTO SECUNDARIO - NOMBRE PERSONAL | |
| Nombre personal | Ferrer, Enric |
| 700 1# - ASIENTO SECUNDARIO - NOMBRE PERSONAL | |
| Nombre personal | Magrans, Josep |
| 700 1# - ASIENTO SECUNDARIO - NOMBRE PERSONAL | |
| Nombre personal | Sanz López, Javier |
| 773 0# - Item fuente: | |
| Asiento principal | Senckenberg Gesellschaft für Naturforschung |
| Lugar, editorial y fecha de publicación | Alemania: Mossbrugger, Volker, 2009-. |
| Otro identificador del ítem - Codigo de Barras | 039030 |
| Título | Abhandlungen |
| Número Internacional Normalizado para Publicaciones Seriadas - ISSN | 18680356 |
| 942 ## - ELEMENTOS ADICIONALES (KOHA) | |
| Sistema de clasificación | Local |
| Tipo de ítem | Artículo |
No hay ítems disponibles.